| 000 | 00739nam a2200229 i 4500 | ||
|---|---|---|---|
| 001 | 135548 | ||
| 003 | ES-MaACL | ||
| 005 | 20250806063414.0 | ||
| 007 | t| | ||
| 008 | 070719s1930 sp ||||1| spa d | ||
| 100 | 1 |
_aTorres Alonso, Santiago. _9110924 |
|
| 245 | 1 | 3 |
_aLa sanidad y el médico rural / _cpor Santiago Torres Alonso, Enrique Casas y Manuel Sainz ; prólogo de Ángel Sanmiguel. |
| 260 |
_aMadrid : _bLa Voz Médica, _c1930. |
||
| 300 |
_a333 p. ; _c19 cm. |
||
| 650 | 7 |
_aMedicina rural _2embne _914939 |
|
| 650 | 4 |
_aSalud rural. _916977 |
|
| 700 | 1 |
_aCasas Gaspar, Enrique. _936221 |
|
| 700 | 1 |
_aSainz, Manuel. _9101572 |
|
| 700 | 1 |
_aSanmiguel, Angel. _9103188 |
|
| 852 | 4 |
_aES-MaACL _jB-6274 |
|
| 999 |
_c135548 _d135548 |
||